ARRUPE JESUIT UNIVERSITY

CORONAVIRUS -STOP THE SPREAD - CLEAN,DISINFECT,COVER

Is God a virus? : (Record no. 118394)

MARC details
000 -LEADER
fixed length control field 01322cam a2200373 a 4500
001 - CONTROL NUMBER
control field 13372074
003 - CONTROL NUMBER IDENTIFIER
control field ARRUPE
005 - DATE AND TIME OF LATEST TRANSACTION
control field 20131023105218.0
008 - FIXED-LENGTH DATA ELEMENTS--GENERAL INFORMATION
fixed length control field 031014s1995 enk b 001 0 eng d
010 ## - LIBRARY OF CONGRESS CONTROL NUMBER
LC control number 2004351173
015 ## - NATIONAL BIBLIOGRAPHY NUMBER
National bibliography number GB95-32393
020 ## - INTERNATIONAL STANDARD BOOK NUMBER
International Standard Book Number 0281048126
035 ## - SYSTEM CONTROL NUMBER
System control number (OCoLC)ocm32327273
040 ## - CATALOGING SOURCE
Original cataloging agency IDK
Transcribing agency IDK
Modifying agency UKM
-- DLC
042 ## - AUTHENTICATION CODE
Authentication code lccopycat
050 00 - LIBRARY OF CONGRESS CALL NUMBER
Classification number BL261
Item number .B68 1995
300 ## - PHYSICAL DESCRIPTION
Dimensions 22 cm.
100 1# - MAIN ENTRY--PERSONAL NAME
Personal name Bowker, John Westerdale.
9 (RLIN) 2716
245 10 - TITLE STATEMENT
Title Is God a virus? :
Remainder of title genes, culture, and religion /
Statement of responsibility, etc John Bowker.
260 ## - PUBLICATION, DISTRIBUTION, ETC. (IMPRINT)
Place of publication, distribution, etc London :
Name of publisher, distributor, etc SPCK,
Date of publication, distribution, etc 1995.
300 ## - PHYSICAL DESCRIPTION
Extent xi, 274 p. ;
490 1# - SERIES STATEMENT
Series statement The Gresham lectures ;
Volume number/sequential designation 1992-3
500 ## - GENERAL NOTE
General note Includes index.
504 ## - BIBLIOGRAPHY, ETC. NOTE
Bibliography, etc Bibliography: p. 265-269.
505 2# - FORMATTED CONTENTS NOTE
Formatted contents note Pt. 1. Is God a virus? -- pt. 2. Why are religions so dangerous? -- pt. 3. The nature of women and the authority of men.
650 #0 - SUBJECT ADDED ENTRY--TOPICAL TERM
Topical term or geographic name as entry element Religion and science.
9 (RLIN) 2717
650 #0 - SUBJECT ADDED ENTRY--TOPICAL TERM
Topical term or geographic name as entry element Sociobiology
General subdivision Religious aspects.
9 (RLIN) 2718
650 #0 - SUBJECT ADDED ENTRY--TOPICAL TERM
Topical term or geographic name as entry element Religion.
9 (RLIN) 2719
650 #0 - SUBJECT ADDED ENTRY--TOPICAL TERM
Topical term or geographic name as entry element Apologetics.
9 (RLIN) 2720
650 #0 - SUBJECT ADDED ENTRY--TOPICAL TERM
Topical term or geographic name as entry element Sex role
General subdivision Religious aspects
-- Christianity.
9 (RLIN) 2721
830 #0 - SERIES ADDED ENTRY--UNIFORM TITLE
Uniform title Gresham lectures ;
Volume number/sequential designation 1992 & 1993.
9 (RLIN) 2722
906 ## - LOCAL DATA ELEMENT F, LDF (RLIN)
a 7
b cbc
c copycat
d 2
e ncip
f 20
g y-gencatlg
942 ## - ADDED ENTRY ELEMENTS (KOHA)
Source of classification or shelving scheme Library of Congress Classification
Koha item type Monograph ( Printed materials)
Holdings
Withdrawn status Lost status Source of classification or shelving scheme Damaged status Not for loan Collection code Home library Current library Shelving location Date acquired Total Checkouts Full call number Barcode Date last seen Price effective from Koha item type
    Library of Congress Classification     Main Collection ARRUPE LIBRARY ARRUPE LIBRARY Main Collection 23/10/2013   BL261 .B68 1995 46410735 26/10/2016 23/10/2013 Monograph ( Printed materials)

 

Arrupe Library. PO Box MP320 Mt Pleasant, Harare, Zimbabwe
263 242 745411|librarian@aju.ac.zw